| 000 | 00959 a2200205 4500 | ||
|---|---|---|---|
| 003 | Nust | ||
| 005 | 20221229131014.0 | ||
| 020 | _a8176841129 | ||
| 040 | _cNust | ||
| 082 | _a621.388,SHA | ||
| 100 |
_aDr Ajay Sharma _9106377 |
||
| 245 |
_aTelevision Engineering / _cDr Ajay Sharma |
||
| 250 | _a1st ed | ||
| 260 |
_aNew Delhi _bSatya _c2001 |
||
| 300 | _a337p | ||
| 505 | _aMonochrome television system concepts (Page-1), Monochrome picture tubes (Page-20), Video cameras (Page-48), Monochrome and colour tv receivers (Page-57), Monochrome tv receiver circuits (58-83), Molour tv basics (Page-110), Colour tv systems (Page-143), Colour picture tube (Page-152), Cable tv and other applications (Page-158), Television studio and broadcast systems (Page-181), Digital TV (Page-185), Video cassette recorder (Page-221), Compact disc recording and reproduction (Page-234). | ||
| 600 |
_aDR.Ajay Sharma _9106378 |
||
| 650 | _aEngineering | ||
| 942 |
_2ddc _cBK |
||
| 999 |
_c183287 _d183287 |
||